[Event "10. Lichtenberger Sommer"]
[Site "Berlin"]
[Date "2011.08.19"]
[Round "7.49"]
[White "Koerner, Helmut"]
[Black "Jaeger, Andre"]
[Result "0-1"]
[WhiteElo "1933"]
[BlackElo "2044"]
[PlyCount "102"]
[EventDate "2011.??.??"]
[WhiteTeam "Sfr.Nord-Ost Berlin"]
[BlackTeam "SC Rochade e.V."]

1. d4 Nf6 2. c4 d6 3. Nc3 Nbd7 4. Nf3 g6 5. e4 e5 6. Be2 Bg7 7. Be3 Qe7 8. O-O
O-O 9. Qc2 c6 10. Rad1 Ng4 11. Bg5 f6 12. Bc1 Nh6 13. Be3 Ng4 14. Bc1 Nh6 15.
Be3 Nf7 16. b4 Re8 17. c5 exd4 18. cxd6 Nxd6 19. Bxd4 Nxe4 20. Nxe4 Qxe4 21.
Bd3 Qe7 22. Rfe1 Ne5 23. Nxe5 fxe5 24. Qb2 Bf5 25. Bc4+ Kh8 26. Bc5 Qf6 27. Qb3
b6 28. Be3 Rad8 29. a4 Rxd1 30. Rxd1 Rd8 31. a5 b5 32. Be2 Rxd1+ 33. Qxd1 a6
34. g4 Bc8 35. h3 Bf8 36. Qd2 Qd6 37. Qc3 Qd5 38. Kh2 Bg7 39. Bc5 e4 40. Qe3
Be5+ 41. Kg2 Kg7 42. Kf1 Be6 43. Qg5 Bf6 44. Qf4 Qe5 45. Qd2 Qa1+ 46. Kg2 Bd5
47. Be3 Qc3 48. Qxc3 Bxc3 49. Bc5 Kf6 50. f4 exf3+ 51. Bxf3 Ke5 0-1

[Event "10. Lichtenberger Sommer"]
[Site "Berlin"]
[Date "2011.08.19"]
[Round "7.50"]
[White "Koischwitz, Wanja"]
[Black "Frey, Matthias"]
[Result "1-0"]
[WhiteElo "1813"]
[BlackElo "1948"]
[PlyCount "75"]
[EventDate "2011.??.??"]
[WhiteTeam "Queer-Springer SSV Berlin"]
[BlackTeam "Münsingen"]

1. d4 Nf6 2. Nf3 g6 3. Bf4 Bg7 4. e3 d6 5. c3 Nbd7 6. Nbd2 O-O 7. Bc4 c5 8. O-O
a6 9. a4 b6 10. Qb3 Bb7 11. d5 b5 12. e4 bxc4 13. Qxb7 Rb8 14. Qxa6 Rxb2 15.
Qxc4 Nh5 16. Bg3 Qa5 17. Rfb1 Qxc3 18. Qxc3 Bxc3 19. Rxb2 Bxb2 20. Ra2 Bc3 21.
a5 Ra8 22. Nc4 Ra7 23. Kf1 Nhf6 24. Nfd2 Bxd2 25. Nxd2 c4 26. f3 c3 27. Nb3 Rb7
28. Ra3 c2 29. Bf4 Ne5 30. a6 Ra7 31. Bxe5 dxe5 32. Ke2 Ne8 33. Kd2 Nc7 34. Nc5
Nb5 35. Rb3 Nd4 36. Rb7 Ra8 37. a7 Kg7 38. Na6 1-0

[Event "10. Lichtenberger Sommer"]
[Site "Berlin"]
[Date "2011.08.19"]
[Round "7.52"]
[White "Ritter, Uwe"]
[Black "Yuan, Yizheng"]
[Result "1-0"]
[WhiteElo "1733"]
[BlackElo "1889"]
[PlyCount "81"]
[EventDate "2011.??.??"]
[WhiteTeam "Reideburger SV 90 Halle"]
[BlackTeam "Schachpinguine Berlin e.V."]

1. f4 d5 2. Nf3 g6 3. e3 Bg7 4. d4 Nf6 5. Bd3 O-O 6. O-O b6 7. Ne5 c5 8. c3 Ba6
9. Bxa6 Nxa6 10. Qe2 Nc7 11. Nd2 Nce8 12. Nb3 c4 13. Nd2 Nd6 14. Ng4 Nfe4 15.
Nxe4 Nxe4 16. Nf2 Nd6 17. e4 dxe4 18. Nxe4 Nxe4 19. Qxe4 e6 20. Bd2 Qc7 21.
Rae1 b5 22. g4 Rab8 23. f5 exf5 24. gxf5 Rb6 25. Qe7 Qc8 26. f6 Bh8 27. Bh6 Rb7
28. Qxf8+ Qxf8 29. Bxf8 Kxf8 30. Re3 Rb6 31. Ref3 Re6 32. R1f2 Ke8 33. Kf1 Kd7
34. Rh3 h5 35. Rhf3 Kd6 36. Kg2 Kd5 37. Kg3 a5 38. Kh4 b4 39. Kg5 a4 40. cxb4
Kxd4 41. a3 1-0

[Event "10. Lichtenberger Sommer"]
[Site "Berlin"]
[Date "2011.08.19"]
[Round "7.54"]
[White "Muskewitz, Bernd"]
[Black "Lange, Rudolf"]
[Result "1/2-1/2"]
[WhiteElo "1998"]
[BlackElo "1830"]
[PlyCount "72"]
[EventDate "2011.??.??"]
[WhiteTeam "TSG Oberschöneweide e.V."]
[BlackTeam "SG Narva Berlin e.V."]

1. d4 d6 2. g3 Nf6 3. Bg2 g6 4. Nf3 Bg7 5. O-O O-O 6. c4 Nbd7 7. Nc3 e5 8. d5
a5 9. Bg5 h6 10. Bd2 Nc5 11. Be3 b6 12. h3 Bd7 13. b3 Nfe4 14. Nxe4 Nxe4 15.
Rc1 f5 16. Nd2 Nxd2 17. Bxd2 g5 18. f4 gxf4 19. gxf4 e4 20. Bc3 Qh4 21. Bxg7
Kxg7 22. Qe1 Qxe1 23. Rfxe1 Rg8 24. Kf2 Kf6 25. Rg1 Rg7 26. Bh1 Rag8 27. Rxg7
Rxg7 28. Rc3 Be8 29. Bg2 Bh5 30. Bf1 Re7 31. Rg3 Rg7 32. Rxg7 Kxg7 33. a3 Kf6
34. b4 axb4 35. axb4 Bf7 36. b5 Bh5 1/2-1/2

[Event "10. Lichtenberger Sommer"]
[Site "Berlin"]
[Date "2011.08.19"]
[Round "7.55"]
[White "Schmalzried, Volker"]
[Black "Bruening, Wolfgang"]
[Result "0-1"]
[WhiteElo "1870"]
[BlackElo "1958"]
[PlyCount "82"]
[EventDate "2011.??.??"]
[WhiteTeam "Umweltbundesamt (FV Schach)"]
[BlackTeam "Queer-Springer SSV Berlin"]

1. c4 Nf6 2. d4 g6 3. Nf3 Bg7 4. Nc3 d5 5. cxd5 Nxd5 6. g3 O-O 7. Bg2 c5 8. O-O
cxd4 9. Nxd4 Nxc3 10. bxc3 Qa5 11. Qb3 Nd7 12. Ba3 Nc5 13. Qb4 Qxb4 14. Bxb4
Na4 15. Nb5 Bd7 16. Nc7 Rac8 17. Nd5 Rc4 18. Nxe7+ Kh8 19. Bxb7 Nxc3 20. Bxc3
Rxc3 21. Rad1 Rc7 22. Rb1 Bh3 23. Nd5 Rc2 24. Rfe1 Rxa2 25. Nf4 Bf5 26. e4 Bg4
27. Bd5 Rd2 28. e5 g5 29. Bxf7 gxf4 30. e6 fxg3 31. hxg3 Bd4 32. Rf1 Re2 33.
Rb4 Rd8 34. Kg2 Bxe6 35. Bh5 Rd2 36. Bf3 Bd5 37. Bxd5 Rxd5 38. Rb7 Bb6 39. g4
Rd7 40. Rb8+ Rd8 41. Rb7 R2d7 0-1

[Event "10. Lichtenberger Sommer"]
[Site "Berlin"]
[Date "2011.08.19"]
[Round "7.57"]
[White "Peter, Volkhard"]
[Black "Barwich, Alfred"]
[Result "0-1"]
[WhiteElo "1810"]
[BlackElo "1959"]
[PlyCount "81"]
[EventDate "2011.??.??"]
[WhiteTeam "Schachclub Oranienburg e.V."]
[BlackTeam "SV Berolina Mitte e.V."]

1. e4 d6 2. d4 g6 3. f4 Bg7 4. Nf3 c5 5. c3 cxd4 6. cxd4 e6 7. Bb5+ Bd7 8.
Bxd7+ Nxd7 9. Nc3 Ne7 10. O-O O-O 11. Be3 a6 12. Rc1 d5 13. e5 Nb6 14. b3 Rc8
15. g4 f6 16. exf6 Bxf6 17. Ne5 Nc6 18. Ne2 Nd7 19. g5 Ndxe5 20. fxe5 Bxg5 21.
Rxf8+ Kxf8 22. Qf1+ Kg8 23. Qh3 Bxe3+ 24. Qxe3 Qh4 25. Rf1 Rf8 26. Rxf8+ Kxf8
27. Nf4 Qg4+ 28. Kf2 Ke7 29. Qc1 Kd7 30. Qe3 Qf5 31. h4 Qc2+ 32. Kg3 Qxa2 33.
Nd3 b6 34. Qh6 Qxb3 35. Qxh7+ Ne7 36. Kg4 Qxd3 37. Kg5 Qf5+ 38. Kh6 Qh5+ 39.
Kg7 Nf5+ 40. Kh8+ Qxh7+ 41. Kxh7 0-1

[Event "10. Lichtenberger Sommer"]
[Site "Berlin"]
[Date "2011.08.19"]
[Round "7.58"]
[White "Reiche, Andreas"]
[Black "Pallas, Sebastian"]
[Result "1-0"]
[WhiteElo "1848"]
[BlackElo "1803"]
[PlyCount "63"]
[EventDate "2011.??.??"]
[WhiteTeam "SV Berolina Mitte e.V."]
[BlackTeam "SG 1871 Löberitz"]

1. e4 c5 2. b3 d6 3. Bb2 Nf6 4. Nc3 g6 5. Nd5 e5 6. Nc3 Bg7 7. g3 O-O 8. Bg2
Nc6 9. Nge2 Be6 10. O-O Nd7 11. f4 f5 12. Rb1 fxe4 13. Nxe4 Qe7 14. h3 d5 15.
Ng5 Nb6 16. Nxe6 Qxe6 17. fxe5 Bxe5 18. Nf4 Qd6 19. Bxe5 Nxe5 20. d4 Nc6 21.
dxc5 Qxc5+ 22. Kh2 Rf5 23. Qd2 d4 24. Ne6 Qc3 25. Qh6 Rf7 26. Rxf7 Kxf7 27.
Ng5+ Ke7 28. Qxh7+ Ke8 29. Qxg6+ Kd8 30. Rf1 Kc7 31. Ne6+ Kd6 32. Ng5+ 1-0

[Event "10. Lichtenberger Sommer"]
[Site "Berlin"]
[Date "2011.08.19"]
[Round "7.59"]
[White "Gremm, Albert Jürgen"]
[Black "Getzuhn, Detlef"]
[Result "1-0"]
[WhiteElo "1906"]
[BlackElo "1931"]
[PlyCount "61"]
[EventDate "2011.??.??"]
[WhiteTeam "SC Kreuzberg e.V."]
[BlackTeam "SV Senat (FV Schach)"]

1. c4 g6 2. Nc3 Bg7 3. e4 c5 4. d3 Nc6 5. f4 d6 6. Nf3 f5 7. Be2 e6 8. O-O Nge7
9. Be3 b6 10. Qe1 O-O 11. h4 d5 12. cxd5 exd5 13. exd5 Nb4 14. d4 cxd4 15. Bxd4
Nc2 16. Qd2 Bxd4+ 17. Nxd4 Nxa1 18. Rxa1 a6 19. a4 Rf6 20. Bc4 Kg7 21. Re1 Ra7
22. Qe3 Rc7 23. Ba2 Rd6 24. Qe5+ Kh6 25. g4 fxg4 26. Qg5+ Kg7 27. Ne4 Rxd5 28.
Qf6+ Kh6 29. Bxd5 Rd7 30. Qg5+ Kg7 31. Ne6+ 1-0

[Event "10. Lichtenberger Sommer"]
[Site "Berlin"]
[Date "2011.08.19"]
[Round "7.60"]
[White "Tscheuschner, Georg"]
[Black "Schmidek, Emil"]
[Result "1-0"]
[WhiteElo "1837"]
[BlackElo "1732"]
[PlyCount "175"]
[EventDate "2011.??.??"]
[WhiteTeam "SG Grün-Weiß Baumschulenweg e.V."]
[BlackTeam "TuS Makkabi Berlin e.V."]

1. c4 Nf6 2. Nc3 g6 3. g3 Bg7 4. Bg2 O-O 5. e4 c5 6. Nge2 Nc6 7. O-O Ne8 8. f4
Nc7 9. d3 Ne6 10. g4 Ned4 11. Be3 d6 12. h3 a6 13. Qd2 e6 14. Ng3 Re8 15. g5
Rb8 16. h4 b5 17. Nd1 h5 18. Rb1 b4 19. b3 Re7 20. f5 exf5 21. exf5 Ra7 22. f6
Bf8 23. Bxd4 Nxd4 24. Ne3 a5 25. Qd1 Bd7 26. Be4 Bc6 27. Bxc6 Nxc6 28. Nd5 Ne5
29. Rb2 Ng4 30. Re1 Ne5 31. Kg2 a4 32. Nh1 axb3 33. axb3 Rba8 34. Qe2 Nc6 35.
Ng3 Nd4 36. Qd2 Ra3 37. Reb1 R8a7 38. Ne2 Qd7 39. Qf4 Ne6 40. Qe4 Ra2 41. Nef4
Nxf4+ 42. Qxf4 Qe6 43. Qe4 Qe5 44. Qxe5 dxe5 45. Kf3 Bd6 46. Ke4 Rxb2 47. Rxb2
Ra1 48. Ne7+ Kf8 49. Nc8 Bc7 50. Kd5 Ra8 51. Kc6 Rxc8 52. Kb7 Rd8 53. Kxc7 Rxd3
54. Ra2 Kg8 55. Ra8+ Kh7 56. Rf8 Rxb3 57. Rxf7+ Kh8 58. Rf8+ Kh7 59. Re8 Rf3
60. Rxe5 Rf4 61. Re8 b3 62. Rb8 Rxc4 63. f7 Rf4 64. f8=Q Rxf8 65. Rxf8 c4 66.
Rb8 Kg7 67. Rb4 Kf7 68. Rxc4 Ke6 69. Rb4 Kf5 70. Rxb3 Kg4 71. Rb4+ Kf5 72. Kd7
Ke5 73. Ke7 Kd5 74. Kf7 Kc5 75. Kxg6 Kxb4 76. Kxh5 Kc4 77. g6 Kd5 78. g7 Ke5
79. g8=Q Kd4 80. Kg4 Ke5 81. h5 Kd4 82. h6 Ke3 83. h7 Ke4 84. h8=Q Ke3 85. Qe5+
Kd2 86. Qa2+ Kd3 87. Qee2+ Kc3 88. Qac4# 1-0

[Event "10. Lichtenberger Sommer"]
[Site "Berlin"]
[Date "2011.08.19"]
[Round "7.61"]
[White "Bandlow, Reinhard"]
[Black "Jachym, Christoph"]
[Result "1-0"]
[WhiteElo "2018"]
[BlackElo "1585"]
[PlyCount "53"]
[EventDate "2011.??.??"]
[WhiteTeam "SV Bau-Union e.V."]
[BlackTeam "SC Zugzwang 95 e.V."]

1. e4 c5 2. Nc3 Nc6 3. Bb5 a6 4. Bxc6 dxc6 5. d3 e5 6. Nge2 Bd6 7. O-O Ne7 8.
Be3 Ng6 9. Qd2 O-O 10. f4 exf4 11. Nxf4 Bxf4 12. Bxf4 Nxf4 13. Qxf4 c4 14. Rad1
Qb6+ 15. d4 Qxb2 16. Qd2 Qa3 17. Rf4 b5 18. e5 Be6 19. Ne4 Qe7 20. Rdf1 Bd5 21.
Nf6+ gxf6 22. exf6 Qd7 23. Rh4 Be4 24. Qh6 Qxd4+ 25. Kh1 Bxg2+ 26. Kxg2 Qd5+
27. Rf3 1-0

[Event "10. Lichtenberger Sommer"]
[Site "Berlin"]
[Date "2011.08.19"]
[Round "7.63"]
[White "Schneider, Eckehard"]
[Black "Mueller, Achim"]
[Result "1-0"]
[WhiteElo "1733"]
[BlackElo "2074"]
[PlyCount "97"]
[EventDate "2011.??.??"]
[WhiteTeam "Sfrd. Berlin 1903 e.V."]
[BlackTeam "Verein Rheinbacher Schachfreunde"]

1. e4 c5 2. c3 d6 3. d4 Nf6 4. Bd3 Nc6 5. Be3 e5 6. d5 Nb8 7. Nf3 Be7 8. h3 O-O
9. Nbd2 Nxd5 10. exd5 f5 11. Bc4 b5 12. Bxb5 e4 13. Bc4 exf3 14. Nxf3 Nd7 15.
O-O f4 16. Bc1 Qe8 17. Re1 Nb6 18. Qe2 Nxc4 19. Qxe7 Qh5 20. Re4 Qxd5 21. Bxf4
Bf5 22. Ree1 Bxh3 23. Rad1 Qc6 24. Qe4 Qxe4 25. Rxe4 Nxb2 26. Rxd6 Bf5 27. Re7
Nd3 28. Be3 Rfe8 29. Rxe8+ Rxe8 30. a4 Rc8 31. Nh4 Be4 32. f3 Ne5 33. Re6 Nxf3+
34. Nxf3 Bd3 35. Re7 a6 36. Kf2 a5 37. Ra7 h6 38. Rxa5 Bc2 39. Ra7 g5 40. a5
Rf8 41. Kg3 Rc8 42. Kg4 Bg6 43. Bf2 Be8 44. Ne5 Kh8 45. Nd3 c4 46. Bd4+ Kg8 47.
Ne5 Bc6 48. Nxc6 Rxc6 49. a6 1-0

[Event "10. Lichtenberger Sommer"]
[Site "Berlin"]
[Date "2011.08.19"]
[Round "7.64"]
[White "Hahne, Carsten"]
[Black "Schmitt, Jens-Ole"]
[Result "1-0"]
[WhiteElo "1818"]
[BlackElo "1557"]
[PlyCount "53"]
[EventDate "2011.??.??"]
[WhiteTeam "vereinslos"]
[BlackTeam "SG Narva Berlin e.V."]

1. d4 Nf6 2. c4 e5 3. d5 Bc5 4. e3 d6 5. Bd3 O-O 6. h3 c6 7. Nc3 Bb4 8. Bd2
Bxc3 9. Bxc3 cxd5 10. cxd5 Nbd7 11. e4 Nc5 12. Qe2 Na4 13. Bb4 Qb6 14. Ba3 Nc5
15. Bxc5 Qxc5 16. Qd2 Qd4 17. Ne2 Nxe4 18. Nxd4 Nxd2 19. Nb5 e4 20. Be2 e3 21.
Bd3 Re8 22. Nc7 Bd7 23. Nxa8 Ne4 24. Bxe4 exf2+ 25. Kxf2 Rxe4 26. Rhe1 Rc4 27.
Rac1 1-0

[Event "10. Lichtenberger Sommer"]
[Site "Berlin"]
[Date "2011.08.19"]
[Round "7.65"]
[White "Lieder, Guenter"]
[Black "Bandlow, Matthias"]
[Result "1/2-1/2"]
[WhiteElo "1847"]
[BlackElo "1988"]
[PlyCount "89"]
[EventDate "2011.??.??"]
[WhiteTeam "SK Turm Bad Hersfeld"]
[BlackTeam "SC Borussia Friedrichsfelde 1920"]

1. e4 c5 2. Nc3 d6 3. f4 e6 4. Nf3 Nc6 5. Bb5 Bd7 6. O-O a6 7. Bxc6 Bxc6 8. d3
Nf6 9. Qe1 Be7 10. Kh1 O-O 11. Bd2 Qc7 12. Ne2 b5 13. Ng3 d5 14. e5 Nd7 15. Nh5
g6 16. Ng3 d4 17. Ne2 Qb7 18. Neg1 Nb6 19. Qg3 f5 20. exf6 Bxf6 21. Rae1 Rae8
22. Nh3 Bd5 23. Nhg5 Nc8 24. Qh3 e5 25. fxe5 Bxe5 26. Nxe5 Rxf1+ 27. Rxf1 Rxe5
28. Re1 Rxe1+ 29. Bxe1 Nd6 30. Qg4 Nf5 31. Ne4 Qe7 32. Bd2 c4 33. Bg5 Qe6 34.
Kg1 cxd3 35. cxd3 Bxa2 36. Qf4 Qc8 37. Qe5 h6 38. Bd2 Be6 39. g4 Nh4 40. Qf6 g5
41. Bxg5 Nf3+ 42. Qxf3 hxg5 43. Qf2 Bxg4 44. Qxd4 Qc1+ 45. Kg2 1/2-1/2

[Event "10. Lichtenberger Sommer"]
[Site "Berlin"]
[Date "2011.08.19"]
[Round "7.66"]
[White "Becker, Uwe"]
[Black "Schlüter, Bernd"]
[Result "0-1"]
[WhiteElo "1791"]
[BlackElo "1987"]
[PlyCount "116"]
[EventDate "2011.??.??"]
[WhiteTeam "SV Glück auf Rüdersdorf e.V."]
[BlackTeam "SV Rochade Potsdam-West e.V."]

1. d4 Nf6 2. c4 g6 3. Nc3 Bg7 4. e4 d6 5. Be2 O-O 6. Bg5 h6 7. Be3 e5 8. d5 a5
9. Qd2 Kh7 10. f3 Nh5 11. O-O-O f5 12. Kb1 Na6 13. Bd3 Nc5 14. Bc2 Bd7 15. Nge2
Nf6 16. h4 fxe4 17. fxe4 Ng4 18. g3 Nf2 19. Bxf2 Rxf2 20. Qe3 Qf6 21. Nc1 Bg4
22. Rd2 Rf8 23. Rxf2 Qxf2 24. Qxf2 Rxf2 25. Rg1 h5 26. Nd3 Nxd3 27. Bxd3 Bh6
28. Nb5 Be3 29. Rf1 Rxf1+ 30. Bxf1 Bf3 31. Bd3 Bf2 32. Nxc7 Bxg3 33. Ne8 Bxh4
34. Nxd6 Bd8 35. Nxb7 Bg2 36. Nxd8 h4 37. Nf7 Kg7 38. Nxe5 Kf6 39. Ng4+ Kg5 40.
Nh2 Kf4 41. Be2 Kg3 42. Ng4 h3 43. d6 Bxe4+ 44. Kc1 Bf5 45. Nh2 Kxh2 46. Bf3 g5
47. c5 g4 48. Bxg4 Bxg4 49. c6 Kg3 50. d7 h2 51. d8=Q h1=Q+ 52. Kc2 Qxc6+ 53.
Kd2 Qg2+ 54. Kc3 Qc6+ 55. Kd2 Qh6+ 56. Kc3 Qc1+ 57. Kb3 Bd1+ 58. Ka3 Qc5+ 0-1

[Event "10. Lichtenberger Sommer"]
[Site "Berlin"]
[Date "2011.08.19"]
[Round "7.67"]
[White "Bergmann, Jens"]
[Black "Wiemann, Lea"]
[Result "1/2-1/2"]
[WhiteElo "1952"]
[BlackElo "1518"]
[PlyCount "64"]
[EventDate "2011.??.??"]
[WhiteTeam "SK Tempelhof 1931 e.V."]
[BlackTeam "Queer-Springer SSV Berlin"]

1. e4 c5 2. g3 Nc6 3. Bg2 d6 4. c3 Nf6 5. Ne2 e5 6. h3 Be7 7. O-O h5 8. d4 exd4
9. cxd4 cxd4 10. Nxd4 Ne5 11. Nc3 O-O 12. Bg5 Nxe4 13. Bxe7 Nxc3 14. Bxd8 Nxd1
15. Be7 Re8 16. Rfxd1 Rxe7 17. Nb5 Rb8 18. Nxd6 b6 19. Rac1 Ba6 20. Be4 Kf8 21.
f4 Nc4 22. Nxc4 Rxe4 23. Ne5 Bb5 24. Rc7 f6 25. Nd7+ Bxd7 26. Rdxd7 Rbe8 27.
Rf7+ Kg8 28. Rxg7+ Kh8 29. Rh7+ Kg8 30. Rxh5 Re2 31. Rhh7 R8e3 32. Kf1 Re1+
1/2-1/2

[Event "10. Lichtenberger Sommer"]
[Site "Berlin"]
[Date "2011.08.19"]
[Round "7.68"]
[White "Albinus, Guenter"]
[Black "Mertens, Fridolin"]
[Result "0-1"]
[WhiteElo "1825"]
[BlackElo "1993"]
[PlyCount "58"]
[EventDate "2011.??.??"]
[WhiteTeam "SG Weißensee 49 e.V."]
[BlackTeam "SG 1871 Löberitz"]

1. e4 c5 2. Nf3 d6 3. d4 cxd4 4. Nxd4 Nf6 5. Nc3 a6 6. Be2 e5 7. Nb3 Be6 8. O-O
Be7 9. a4 Nbd7 10. Be3 O-O 11. Bf3 Qc7 12. a5 Rac8 13. Be2 Qc6 14. f3 d5 15.
exd5 Nxd5 16. Nxd5 Bxd5 17. c3 Qe6 18. Nd2 Rfd8 19. Qc2 Bc5 20. Bxc5 Nxc5 21.
c4 Bc6 22. b4 Qh6 23. f4 Ne6 24. Bg4 Nxf4 25. Rf2 Rc7 26. Ra3 Qd6 27. c5 Qd4
28. Qc4 Nd3 29. Rxd3 Qxd3 0-1

[Event "10. Lichtenberger Sommer"]
[Site "Berlin"]
[Date "2011.08.19"]
[Round "7.69"]
[White "Schrodt, Horst"]
[Black "Barwich, Andreas"]
[Result "1/2-1/2"]
[WhiteElo "1709"]
[BlackElo "1963"]
[PlyCount "89"]
[EventDate "2011.??.??"]
[WhiteTeam "SC Eintracht Berlin e.V."]
[BlackTeam "SV Berolina Mitte e.V."]

1. d4 Nf6 2. c4 e6 3. Nc3 Bb4 4. Bd2 O-O 5. Nf3 b6 6. e3 Bb7 7. Be2 d5 8. cxd5
Nxd5 9. Qc2 Nxc3 10. Bxc3 Bxc3+ 11. Qxc3 Nd7 12. O-O c5 13. dxc5 Nxc5 14. Rad1
Qe7 15. b3 Ne4 16. Qb2 Rac8 17. Ne5 Bd5 18. Bc4 Bxc4 19. Nxc4 Nf6 20. h3 h6 21.
Rd3 Rc7 22. Qa3 Rc5 23. Rfd1 Qc7 24. Qb2 Rc8 25. Qd2 Nd5 26. e4 b5 27. exd5
bxc4 28. d6 Qd7 29. bxc4 Rxc4 30. Qa5 Rc1 31. Qa3 Rxd1+ 32. Rxd1 Rd8 33. g3 f6
34. Kg2 Kf7 35. f3 Qb7 36. Rc1 Rd7 37. Rd1 Qc6 38. Rd2 g6 39. Qe3 g5 40. Qd3
Kg7 41. Qe3 Kf7 42. Qd3 Kg7 43. Qe3 Qc4 44. Qa3 Kf7 45. Qb2 1/2-1/2

[Event "10. Lichtenberger Sommer"]
[Site "Berlin"]
[Date "2011.08.19"]
[Round "7.71"]
[White "Bandsom, Olaf"]
[Black "Gebert, Ralf"]
[Result "1/2-1/2"]
[WhiteElo "1778"]
[BlackElo "2039"]
[PlyCount "82"]
[EventDate "2011.??.??"]
[WhiteTeam "SC Friesen Lichtenberg e.V."]
[BlackTeam "SG Güstrow/Teterow"]

1. e4 e5 2. Nf3 Nc6 3. Bc4 Nf6 4. Ng5 d5 5. exd5 Na5 6. Bb5+ c6 7. dxc6 bxc6 8.
Qf3 Rb8 9. Bxc6+ Nxc6 10. Qxc6+ Nd7 11. Nf3 Rb6 12. Qe4 Bb7 13. Qe2 Bd6 14. d3
O-O 15. O-O Qc7 16. Nc3 f5 17. Ng5 Be7 18. f4 h6 19. Nf3 Bc5+ 20. Kh1 e4 21.
Nd2 e3 22. Nc4 Rg6 23. Rg1 Qxf4 24. Bxe3 Bxe3 25. Qxe3 Qg4 26. Qf2 Re8 27. Nd2
Nf6 28. Nf3 Qf4 29. Raf1 Ng4 30. Qd4 Qb8 31. Nd5 Kh7 32. h3 Bxd5 33. hxg4 Bxf3
34. gxf3 fxg4 35. Rxg4 Re2 36. Rf2 Rxg4 37. fxg4 Qb7+ 38. Kg1 Re1+ 39. Rf1 Re2
40. Rf2 Re1+ 41. Rf1 Re2 1/2-1/2

[Event "10. Lichtenberger Sommer"]
[Site "Berlin"]
[Date "2011.08.19"]
[Round "7.72"]
[White "Keusch, Horst"]
[Black "Huebner, Alan-Ari"]
[Result "1-0"]
[WhiteElo "2004"]
[BlackElo "1636"]
[PlyCount "99"]
[EventDate "2011.??.??"]
[WhiteTeam "SC Friesen Lichtenberg e.V."]
[BlackTeam "TuS Makkabi Berlin e.V."]

1. f4 Nf6 2. Nf3 c5 3. e3 g6 4. Be2 Bg7 5. O-O O-O 6. Qe1 Nc6 7. d3 d5 8. c3 b6
9. Qh4 Qd6 10. Nbd2 Bf5 11. d4 Ne4 12. Nxe4 Bxe4 13. Ng5 h6 14. Nxe4 dxe4 15.
f5 gxf5 16. Rxf5 e6 17. Rf2 f5 18. Bd2 Kh7 19. Qh3 Rf6 20. Raf1 Raf8 21. Kh1
Ne7 22. Bh5 Ng6 23. Bd1 b5 24. Bc2 a5 25. Qh5 Qd5 26. dxc5 Qxc5 27. Bxe4 Qc4
28. Bb1 Ne5 29. Rf4 Qd5 30. Rd4 Qc6 31. Qe2 Nc4 32. Rdf4 Kg8 33. Be1 Rg6 34.
R4f3 Be5 35. e4 f4 36. Bf2 b4 37. b3 Nd6 38. Bd4 Bxd4 39. cxd4 Rg4 40. Qd3 Rf7
41. d5 exd5 42. exd5 Qd7 43. Re1 Rfg7 44. Rf2 Qc7 45. Qe2 Qc5 46. Qe6+ Kh8 47.
Qxh6+ Kg8 48. Qe6+ Kh8 49. Rf3 Rh4 50. Qf6 1-0

[Event "10. Lichtenberger Sommer"]
[Site "Berlin"]
[Date "2011.08.19"]
[Round "7.73"]
[White "Petry, Thomas"]
[Black "Schubert, Joachim"]
[Result "1-0"]
[WhiteElo "1637"]
[BlackElo "1826"]
[PlyCount "73"]
[EventDate "2011.??.??"]
[WhiteTeam "SC Friesen Lichtenberg e.V."]
[BlackTeam "SC Friesen Lichtenberg e.V."]

1. e4 c5 2. c3 d5 3. exd5 Qxd5 4. Nf3 Nf6 5. h3 e5 6. Bb5+ Bd7 7. Bxd7+ Nbxd7
8. O-O Bd6 9. d4 cxd4 10. cxd4 e4 11. Nc3 Qc6 12. Re1 O-O 13. d5 Qc4 14. Nd2
Qd3 15. Ndxe4 Qxd1 16. Rxd1 Bc7 17. Bg5 Nxe4 18. Nxe4 f6 19. Be3 Rfe8 20. Rac1
Be5 21. Rc2 h6 22. Nd2 b5 23. Nf3 a5 24. Bd4 Bd6 25. Rc6 Bf8 26. Rc7 Red8 27.
Nh4 Bd6 28. Rc6 Bf8 29. Nf5 Nb8 30. Rc7 Rxd5 31. Rxg7+ Kh8 32. Rf7 Rxf5 33.
Rxf8+ Kg7 34. Rc8 Kf7 35. Be3 b4 36. Rdd8 Rb5 37. Bf4 1-0

[Event "10. Lichtenberger Sommer"]
[Site "Berlin"]
[Date "2011.08.19"]
[Round "7.74"]
[White "Cerdan Herraez, Manuel Vicente"]
[Black "Knaut, Jonathan"]
[Result "1-0"]
[WhiteElo "1861"]
[BlackElo "1613"]
[PlyCount "69"]
[EventDate "2011.??.??"]
[WhiteTeam "CIM Benimaclet Valencia"]
[BlackTeam "SV Königsjäger Süd-West e.V."]

1. e4 c6 2. c4 d5 3. cxd5 cxd5 4. e5 d4 5. Nf3 Nc6 6. Bb5 Bg4 7. Bxc6+ bxc6 8.
h3 Bxf3 9. Qxf3 Rc8 10. O-O e6 11. d3 Qa5 12. Qg3 Ne7 13. Nd2 Nf5 14. Qf4 Rd8
15. Nc4 Qc7 16. Bd2 Rd5 17. g4 Nh6 18. Rfe1 Be7 19. Qe4 Kd7 20. f4 g6 21. b3
Rg8 22. Qf3 g5 23. Kh1 gxf4 24. Bxf4 Rg6 25. Re4 Kc8 26. Rf1 Ng8 27. Bh2 Rg7
28. Rf4 Nh6 29. Rf6 Rg6 30. Rxg6 fxg6 31. Nd6+ Kb8 32. Qf8+ Bxf8 33. Rxf8+ Qd8
34. Rxd8+ Kc7 35. Rh8 1-0

[Event "10. Lichtenberger Sommer"]
[Site "Berlin"]
[Date "2011.08.19"]
[Round "7.75"]
[White "Hänisch, Christoph"]
[Black "Schwedek, Tony"]
[Result "1-0"]
[WhiteElo "1631"]
[BlackElo "1848"]
[PlyCount "83"]
[EventDate "2011.??.??"]
[WhiteTeam "SK Zehlendorf e.V."]
[BlackTeam "SC Zitadelle Spandau 1977 e.V."]

1. d4 d5 2. c4 dxc4 3. Nf3 Nf6 4. Nc3 a6 5. e4 b5 6. e5 Nd5 7. a4 Nxc3 8. bxc3
Qd5 9. Be2 Bg4 10. O-O c5 11. h3 Bh5 12. axb5 axb5 13. Rxa8 Qxa8 14. dxc5 e6
15. Be3 Nd7 16. Qb1 Qb7 17. Qb4 Nxe5 18. Nxe5 Bxe2 19. Rb1 Be7 20. Qxb5+ Qxb5
21. Rxb5 O-O 22. Rb7 Bd8 23. Nc6 Bf6 24. Bd4 Bd3 25. Bxf6 gxf6 26. f3 Kg7 27.
Ne7 Re8 28. c6 Bc2 29. c7 Rxe7 30. c8=Q Rxb7 31. Qxb7 Bd3 32. f4 e5 33. fxe5
fxe5 34. Kf2 Kg6 35. Qb6+ f6 36. g3 Be4 37. Qd6 Bc2 38. Ke3 Bb1 39. h4 h6 40.
Qe6 Bd3 41. g4 Kg7 42. h5 1-0

[Event "10. Lichtenberger Sommer"]
[Site "Berlin"]
[Date "2011.08.19"]
[Round "7.76"]
[White "Poeltelt, Helmut"]
[Black "Walter, Günter"]
[Result "0-1"]
[WhiteElo "1716"]
[BlackElo "1990"]
[PlyCount "48"]
[EventDate "2011.??.??"]
[WhiteTeam "SC Eintracht Berlin e.V."]
[BlackTeam "TSG Oberschöneweide e.V."]

1. e4 e5 2. Nf3 Nc6 3. Bb5 a6 4. Ba4 Nf6 5. O-O Be7 6. Re1 b5 7. Bb3 d6 8. c3
O-O 9. d4 Bg4 10. d5 Na5 11. Bc2 Qd7 12. Nbd2 Rfb8 13. Nf1 b4 14. Ba4 Bxf3 15.
gxf3 Qh3 16. cxb4 Nc4 17. b3 Nb6 18. Bc6 Ra7 19. Re3 h5 20. Bd2 g6 21. Rc1 Kh7
22. Rcc3 a5 23. f4 Qg4+ 24. Rg3 Qxd1 0-1

[Event "10. Lichtenberger Sommer"]
[Site "Berlin"]
[Date "2011.08.19"]
[Round "7.77"]
[White "Scholz, Ralf-Dieter"]
[Black "Lehmann, Tornalf"]
[Result "1-0"]
[WhiteElo "1896"]
[BlackElo "1637"]
[PlyCount "143"]
[EventDate "2011.??.??"]
[WhiteTeam "USV Potsdam e.V., Abt. Schach"]
[BlackTeam "SC Heilsbronn 1951 e.V."]

1. c4 e5 2. Nc3 Nf6 3. g3 d5 4. cxd5 Nxd5 5. Bg2 Nb6 6. Nf3 Nc6 7. O-O Be7 8.
a3 a5 9. d3 O-O 10. Be3 Nd7 11. Qc2 Nf6 12. Nb5 Ng4 13. Bc5 Re8 14. Rac1 Bd7
15. Bxe7 Rxe7 16. Qc5 b6 17. Qc4 Rc8 18. Ng5 Nd4 19. Nxd4 exd4 20. Bd5 Be8 21.
Nf3 Nf6 22. Bb7 Rb8 23. Bc6 Bxc6 24. Qxc6 Rc8 25. Rc2 Re6 26. Qc4 Rd6 27. Ne5
Rd5 28. Nc6 Qd6 29. b4 axb4 30. axb4 Ra8 31. Rd1 b5 32. Qb3 Rf5 33. Qb2 Rd5 34.
Rdc1 Ng4 35. Ra1 Re8 36. Qc1 Qf6 37. Qf4 Qxf4 38. gxf4 Rd6 39. h3 Nf6 40. Ra7
Nd5 41. Nxd4 Nxb4 42. Rcxc7 Rxd4 43. Rxf7 Nc2 44. Rxg7+ Kh8 45. Rxh7+ Kg8 46.
Rhc7 Rb8 47. f5 Rd6 48. Rxc2 b4 49. Rb2 b3 50. Ra3 Rdb6 51. e4 Kf7 52. f4 Rb4
53. Kf2 Rh8 54. Raxb3 Rxb3 55. Rxb3 Rxh3 56. e5 Rh2+ 57. Ke3 Rh3+ 58. Ke4 Ke7
59. Rb7+ Kd8 60. f6 Kc8 61. Rg7 Rh8 62. e6 Re8 63. f5 Kd8 64. f7 Rf8 65. Rg8
Rxg8 66. fxg8=Q+ Kc7 67. Kd5 Kb6 68. e7 Kb5 69. Qb8+ Ka4 70. e8=Q+ Ka3 71. Qeb5
Ka2 72. Qb2# 1-0